[Event "ICS rated blitz match"]
[Site "204.178.125.65"]
[Date "1999.12.07"]
[Round "?"]
[White "Hossa"]
[Black "PostModernist"]
[Result "0-1"]
[WhiteElo "2516"]
[BlackElo "2601"]
[PlyCount "142"]
[EventDate "1999.??.??"]

1. e4 c5 2. Nf3 d6 3. d4 Nf6 4. Nc3 cxd4 5. Nxd4 e6 6. Be2 a6 7. O-O Be7 8. f4
O-O 9. e5 dxe5 10. fxe5 Nfd7 11. Bf4 Qb6 12. Kh1 Qxb2 13. Qd3 Qb6 14. Rad1 Rd8
15. Qc4 Qc5 16. Ne4 Qxc4 17. Bxc4 Nb6 18. Bb3 a5 19. c3 Nc6 20. Nxc6 bxc6 21.
Rxd8+ Bxd8 22. Rd1 Be7 23. Nd6 Ba6 24. Be3 Nd5 25. Bd4 Rb8 26. c4 Nb6 27. c5
Nd5 28. Ba4 Be2 29. Rd2 Rb1+ 30. Bg1 Nc3 31. Bc2 Ra1 32. Ne4 Nxe4 33. Bxe4 f5
34. Bc2 Re1 35. Rd6 Bh4 36. h3 Bf2 37. Bb3 Rxg1+ 38. Kh2 Bf1 39. Bxe6+ Kf8 40.
Bxf5 Rxg2+ 41. Kh1 Rg5 42. Be4 Bxh3 43. Rd8+ Kf7 44. Bxc6 Rxe5 45. Rd5 Re1+ 46.
Kh2 Be6 47. Rh5 Re2 48. a4 Bxc5+ 49. Kg3 Rc2 50. Be4 Bd6+ 51. Kf3 Rc3+ 52. Kg2
Rc4 53. Kf3 Rxa4 54. Rxh7 Ra3+ 55. Kg2 a4 56. Bc6 Rg3+ 57. Kf2 a3 58. Rh8 a2
59. Rh1 Rg1 60. Rxg1 Bc5+ 61. Kg2 Bxg1 62. Kxg1 a1=Q+ 63. Kf2 Qb2+ 64. Ke3 Qc3+
65. Kf2 Qxc6 66. Ke3 Qc3+ 67. Kf2 Bg4 68. Kg2 Qh3+ 69. Kg1 Qf3 70. Kh2 Bh3 71.
Kg1 Qg2# 0-1

[Event "ICS rated blitz match"]
[Site "204.178.125.65"]
[Date "1999.12.07"]
[Round "?"]
[White "PostModernist"]
[Black "Hossa"]
[Result "1-0"]
[WhiteElo "2613"]
[BlackElo "2504"]
[PlyCount "97"]
[EventDate "1999.??.??"]

1. d4 Nf6 2. c4 g6 3. Nc3 Bg7 4. e4 d6 5. f3 O-O 6. Bg5 c5 7. d5 e5 8. Bd3 Na6
9. Nge2 h6 10. Be3 Nb4 11. Bb1 Nd7 12. a3 Na6 13. O-O Nb6 14. Bd3 f5 15. b3 Bd7
16. exf5 Bxf5 17. Ne4 Nc8 18. N2g3 Ne7 19. Qd2 g5 20. b4 b6 21. Nh5 Rf7 22.
Nxg7 Rxg7 23. b5 Nc7 24. h4 gxh4 25. Bxh6 Rg6 26. Bg5 h3 27. g4 Bxe4 28. Bxe4
Rg7 29. Bf6 Qf8 30. Bxg7 Qxg7 31. Kh2 Rf8 32. Kxh3 Rf4 33. Kg2 Qg5 34. Qc2 Kf8
35. Rh1 Ke8 36. Rh8+ Kd7 37. Rah1 a6 38. bxa6 b5 39. cxb5 Rf7 40. a7 Qf4 41. b6
Nexd5 42. bxc7 Nxc7 43. a8=Q Nxa8 44. Qa4+ Ke6 45. Qe8+ Kf6 46. Qd8+ Re7 47.
Qxd6+ Re6 48. Qf8+ Kg5 49. R1h5# 1-0

[Event "ICS Rated blitz match"]
[Site "204.178.125.65"]
[Date "1999.12.07"]
[Round "?"]
[White "PostModernist"]
[Black "Hossa"]
[Result "1-0"]
[WhiteElo "2624"]
[BlackElo "2498"]
[PlyCount "119"]
[EventDate "1999.??.??"]

1. d4 d5 2. c4 e6 3. Nc3 Be7 4. Nf3 Nf6 5. Bf4 O-O 6. e3 c5 7. dxc5 Bxc5 8. Rc1
Bb4 9. Bd3 dxc4 10. Bxc4 Nd5 11. Bxd5 exd5 12. O-O Be6 13. Qd3 Nc6 14. Rfd1 Ne7
15. Nb5 Ng6 16. Qd4 Nxf4 17. Qxf4 Qa5 18. Nc7 Rad8 19. Nxe6 fxe6 20. Qg4 Rde8
21. Ng5 Qb6 22. a3 Bd6 23. Rc2 Bb8 24. Rdc1 h6 25. Nf3 e5 26. b4 Qa6 27. Rc3
Qa4 28. R1c2 a5 29. Rc1 Bd6 30. Kh1 axb4 31. axb4 Qb5 32. Rb1 Rf7 33. Rc8 Rxc8
34. Qxc8+ Kh7 35. Qg4 Qd3 36. Ra1 Qc3 37. Rd1 Qb3 38. Rg1 e4 39. Nd4 Qc4 40. f3
Bxb4 41. fxe4 dxe4 42. Qxe4+ Kh8 43. Qe5 Kg8 44. h3 Qc3 45. Qe6 Qd3 46. Rc1 Ba3
47. Ra1 Bf8 48. Kh2 Ba3 49. Ra2 Be7 50. Ra8+ Kh7 51. Re8 Bd6+ 52. Qxd6 Rf1 53.
Qd5 b5 54. Qg8+ Kg6 55. Re6+ Rf6 56. Rxf6+ Kxf6 57. Qe6+ Kg5 58. h4+ Kxh4 59.
Nf3+ Kh5 60. g4# 1-0

[Event "ICS rated blitz match"]
[Site "204.178.125.65"]
[Date "1999.12.07"]
[Round "?"]
[White "Hossa"]
[Black "ravengar"]
[Result "0-1"]
[WhiteElo "2488"]
[BlackElo "2322"]
[PlyCount "86"]
[EventDate "1999.??.??"]

1. e4 e5 2. f4 exf4 3. Nf3 d6 4. d4 g5 5. h3 h6 6. Bc4 Bg7 7. O-O Ne7 8. c3 O-O
9. Bd2 Nbc6 10. b4 Ng6 11. Qa4 Nce7 12. Qb3 c6 13. Bd3 Be6 14. Qc2 d5 15. a4
dxe4 16. Bxe4 f5 17. Bd3 Nd5 18. Rf2 Ne3 19. Bxe3 fxe3 20. Re2 g4 21. Rxe3 Bd5
22. Ne5 Nxe5 23. dxe5 f4 24. Bh7+ Kh8 25. Re1 f3 26. gxf3 gxf3 27. Rd1 f2+ 28.
Kf1 Qg5 29. Be4 Bxe4 30. Qxe4 Qg1+ 31. Ke2 f1=Q+ 32. Rxf1 Qxf1+ 33. Ke3 Rad8
34. Qd4 Rf3+ 35. Kd2 Rxd4+ 36. Kc2 Qd1+ 37. Kb2 Bxe5 38. Ka3 Rxc3+ 39. Nxc3
Qxa1+ 40. Kb3 Rxb4+ 41. Kc2 Qxc3+ 42. Kd1 Re4 43. h4 Re1# 0-1

[Event "ICS rated blitz match"]
[Site "204.178.125.65"]
[Date "1999.12.07"]
[Round "?"]
[White "Hossa"]
[Black "PostModernist"]
[Result "1/2-1/2"]
[WhiteElo "2465"]
[BlackElo "2642"]
[PlyCount "85"]
[EventDate "1999.??.??"]

1. e4 c5 2. Nf3 Nc6 3. d4 cxd4 4. Nxd4 e6 5. Nc3 Nf6 6. Nxc6 bxc6 7. e5 Nd5 8.
Ne4 Qc7 9. f4 Qb6 10. Bd3 Ba6 11. Bxa6 Qxa6 12. Kf2 Be7 13. Rf1 Qb6+ 14. Kf3 f5
15. Ng3 Bc5 16. c4 Ne7 17. Nh5 Rg8 18. b3 O-O-O 19. Bb2 d6 20. exd6 Rxd6 21.
Qe2 g5 22. Be5 Rdd8 23. Bf6 g4+ 24. Kg3 Kb8 25. b4 Bxb4 26. Bxe7 Bxe7 27. Rab1
Bb4 28. a3 c5 29. axb4 cxb4 30. Rfc1 a5 31. c5 Qc6 32. Ra1 a4 33. Qc4 Kc8 34.
Qxb4 Rd3+ 35. Kf2 Rgd8 36. Qxa4 Rd2+ 37. Ke1 Re2+ 38. Kxe2 Qxg2+ 39. Ke1 Qg1+
40. Ke2 Qg2+ 41. Ke1 Qg1+ 42. Ke2 Qg2+ 43. Ke1 1/2-1/2

[Event "ICS rated blitz match"]
[Site "204.178.125.65"]
[Date "1999.12.07"]
[Round "?"]
[White "PostModernist"]
[Black "Hossa"]
[Result "1-0"]
[WhiteElo "2634"]
[BlackElo "2473"]
[PlyCount "91"]
[EventDate "1999.??.??"]

1. d4 d5 2. Nf3 Nf6 3. c4 e6 4. Nc3 c6 5. Bg5 Qa5 6. Bxf6 gxf6 7. e3 Nd7 8.
cxd5 cxd5 9. a3 Bd6 10. Bd3 f5 11. Ng5 h5 12. O-O Be7 13. Nh3 Nf6 14. Rc1 Bd7
15. Nf4 Rc8 16. Re1 Ne4 17. Bxe4 fxe4 18. Nxh5 Rc7 19. Qg4 Kd8 20. Nf4 Bf6 21.
Nfe2 Rh4 22. Qg3 Bc6 23. b4 Qb6 24. Rc2 Kc8 25. b5 Be8 26. Na4 Rxc2 27. Nxb6+
axb6 28. a4 Rh5 29. Rc1 Rxc1+ 30. Nxc1 Rh8 31. Ne2 Rh4 32. Qd6 Bd8 33. Nf4 Rg4
34. g3 Rg5 35. h4 Rg4 36. Kf1 Bd7 37. Qf8 f6 38. h5 Kc7 39. h6 Rxf4 40. h7 Bc8
41. h8=Q Kb8 42. Qxd8 Rxf2+ 43. Kxf2 e5 44. Qxc8+ Ka7 45. dxe5 fxe5 46. Qb8#
1-0

[Event "ICS rated standard match"]
[Site "204.178.125.65"]
[Date "1999.12.07"]
[Round "?"]
[White "netpi"]
[Black "Hossa"]
[Result "1-0"]
[WhiteElo "2439"]
[BlackElo "2189"]
[PlyCount "73"]
[EventDate "1999.??.??"]

1. e4 c5 2. d4 cxd4 3. Qxd4 Nc6 4. Qa4 e5 5. Nf3 Bc5 6. Nc3 Nf6 7. Bb5 a6 8.
Be3 Bxe3 9. fxe3 Qb6 10. O-O-O Rb8 11. Bxc6 bxc6 12. Qa3 d5 13. exd5 e4 14. Ne5
Qxe3+ 15. Kb1 cxd5 16. Nc6 Rxb2+ 17. Qxb2 O-O 18. Ne7+ Kh8 19. Nexd5 Nxd5 20.
Nxd5 Qa7 21. Qb6 Qd7 22. Qb4 Qb7 23. Qxb7 Bxb7 24. Ne3 Bc6 25. Rd6 Rb8+ 26. Kc1
Bb7 27. Rb6 g6 28. Nc4 f6 29. Rd1 e3 30. Nxe3 f5 31. Rd7 g5 32. Nxf5 Re8 33.
Rbxb7 Re1+ 34. Kd2 Re8 35. Rxh7+ Kg8 36. Nh6+ Kf8 37. Rbf7# 1-0

[Event "ICS rated blitz match"]
[Site "204.178.125.65"]
[Date "1999.12.07"]
[Round "?"]
[White "Hossa"]
[Black "Amateur"]
[Result "0-1"]
[WhiteElo "2464"]
[BlackElo "2420"]
[PlyCount "138"]
[EventDate "1999.??.??"]

1. d4 d5 2. Nf3 Nf6 3. c4 dxc4 4. Qa4+ Nc6 5. Qxc4 Qd6 6. Nc3 Be6 7. Qb5 O-O-O
8. e3 Nb4 9. Qa4 Bf5 10. Nb5 Nc2+ 11. Qxc2 Bxc2 12. Nxd6+ exd6 13. Bd2 Be7 14.
Rc1 Be4 15. Bb5 Nd5 16. Ba5 g5 17. O-O Bxf3 18. gxf3 Nb6 19. Rc2 Rdf8 20. Rfc1
c6 21. Bxb6 axb6 22. d5 c5 23. Kg2 Kc7 24. a4 h5 25. b4 Ra8 26. e4 Bf6 27. Rb1
Be5 28. h3 h4 29. Rb3 f5 30. exf5 Rhf8 31. Rc4 Rxf5 32. Re4 Raf8 33. Be2 Bf6
34. Rd3 Re5 35. Rxe5 Bxe5 36. Rb3 Rf4 37. bxc5 bxc5 38. Bb5 c4 39. Rb4 c3 40.
Rxf4 Bxf4 41. Bd3 Kb6 42. Be4 Kc5 43. Kf1 Kc4 44. Ke1 Kb3 45. Kd1 Kxa4 46. Kc2
Be5 47. Bg6 b5 48. Be8 Ka5 49. Bd7 b4 50. Kb3 Bg3 51. f4 Bxf4 52. Bf5 Kb5 53.
Bd3+ Kc5 54. Bg6 g4 55. hxg4 Kxd5 56. Bc2 h3 57. Bd1 Ke4 58. Bc2+ Kf3 59. Bg6
h2 60. Bf7 Ke4 61. Ka4 h1=Q 62. Kxb4 Qb1+ 63. Ka5 Ke5 64. Ka6 c2 65. Bg6 Qa2+
66. Kb7 c1=Q 67. Bc2 Qcxc2 68. g5 Qab2+ 69. Ka6 Qa4# 0-1

[Event "ICS rated blitz match"]
[Site "204.178.125.65"]
[Date "1999.12.07"]
[Round "?"]
[White "MissSilicon"]
[Black "Hossa"]
[Result "1-0"]
[WhiteElo "2703"]
[BlackElo "2446"]
[PlyCount "151"]
[EventDate "1999.??.??"]

1. d4 d5 2. c4 e6 3. Nc3 Nf6 4. Bg5 Bb4 5. e3 c6 6. Qb3 Qa5 7. Bxf6 gxf6 8. Nf3
Rg8 9. g3 h5 10. Bd3 Nd7 11. O-O dxc4 12. Bxc4 Rg7 13. Bd3 e5 14. Rac1 Nb6 15.
Ne4 Be6 16. Qd1 Nd7 17. a3 Be7 18. Nc3 O-O-O 19. Kh1 Rdg8 20. Nh4 Bg4 21. f3
Bh3 22. Nf5 Bxf5 23. Bxf5 Rd8 24. b4 Qc7 25. Nd5 Qd6 26. Nxe7+ Qxe7 27. b5 c5
28. Rxc5+ Kb8 29. Rd5 Nb6 30. Rxd8+ Qxd8 31. dxe5 Qxd1 32. Rxd1 fxe5 33. Rd8+
Kc7 34. Rh8 Nd5 35. e4 Ne3 36. Rxh5 Kb6 37. Bh3 f6 38. Rh6 Kxb5 39. Rxf6 Ka4
40. Re6 Rc7 41. Kg1 Rc1+ 42. Kf2 Nc4 43. g4 Kxa3 44. g5 Nb2 45. g6 Nd3+ 46. Ke3
Nf4 47. g7 Re1+ 48. Kd2 Rg1 49. Bg4 Nxe6 50. g8=Q Rg2+ 51. Kc3 Nd4 52. Qf8+ Ka2
53. Qf7+ Kb1 54. Qxb7+ Kc1 55. Qa6 Rc2+ 56. Kd3 Kb2 57. Qa5 Nc6 58. Qb5+ Ka3
59. Be6 Nb4+ 60. Ke3 Rc3+ 61. Kd2 Rd3+ 62. Kc1 Rc3+ 63. Kb1 Rb3+ 64. Bxb3 Kxb3
65. h4 a6 66. Qa5 Nd3 67. h5 Kc4 68. h6 Nc5 69. h7 Nb3 70. Qd5+ Kc3 71. h8=Q
Nd4 72. Qhxe5 Kd3 73. Qexd4+ Ke2 74. Qd2+ Kf1 75. Qc4+ Kg1 76. Qcc1# 1-0

[Event "ICS rated blitz match"]
[Site "204.178.125.65"]
[Date "1999.12.07"]
[Round "?"]
[White "Amateur"]
[Black "Hossa"]
[Result "1-0"]
[WhiteElo "2408"]
[BlackElo "2440"]
[PlyCount "201"]
[EventDate "1999.??.??"]

1. e4 e6 2. d4 d5 3. Nd2 Nc6 4. Ngf3 Nf6 5. exd5 exd5 6. Bb5 Bd7 7. O-O Be7 8.
Nb3 O-O 9. Bxc6 bxc6 10. Ne5 Rb8 11. Qe2 Re8 12. Qa6 Qc8 13. Qxc8 Rbxc8 14. Re1
Bd6 15. Bg5 Bxe5 16. dxe5 Nh5 17. c3 h6 18. Bd2 Rb8 19. f3 g5 20. Nc5 Re7 21.
b4 Rbe8 22. h4 gxh4 23. Nxd7 Rxd7 24. Bxh6 Rde7 25. Kf2 a6 26. Rad1 Ng3 27. Bf4
Nf5 28. a4 Kg7 29. Re2 Re6 30. Ree1 Rg8 31. Re2 Kf8 32. Ree1 Reg6 33. Rg1 Ke7
34. a5 Ke6 35. Rb1 Ng3 36. Rbd1 Nh5 37. Bh2 Ng3 38. Rd4 Nf5 39. Rd2 R8g7 40.
Re2 Ng3 41. Rd2 Rg5 42. Ra2 Rxe5 43. Rd2 f5 44. Re1 Rxe1 45. Kxe1 Kf6 46. Bg1
Re7+ 47. Kd1 Kf7 48. Bd4 f4 49. Bc5 Re5 50. Kc2 Kg6 51. Kd3 Kf5 52. Rd1 Ke6 53.
Bd4 Re2 54. Rd2 Re1 55. Bf2 Rc1 56. Ba7 Rf1 57. Rf2 Re1 58. Rd2 Kf5 59. Kd4 Re3
60. c4 Rb3 61. Kc5 Nf1 62. Re2 Ne3 63. Kxc6 dxc4 64. Kxc7 Nd5+ 65. Kd6 Nxb4 66.
Re5+ Kf6 67. Re4 Nd3 68. Rxc4 Kf5 69. Rc8 Rb1 70. Bb6 Rb2 71. Rf8+ Kg6 72. Rg8+
Kf7 73. Rg4 Rc2 74. Bd4 Re2 75. Kd5 Rd2 76. Bc3 Rd1 77. Kc4 Ke6 78. Rg6+ Kf5
79. Rf6+ Kg5 80. Rxa6 Kf5 81. Rf6+ Kg5 82. a6 Nf2 83. a7 Rd8 84. Rb6 Ra8 85.
Bd4 h3 86. gxh3 Nd1 87. Rb8 Rxa7 88. Bxa7 Kh4 89. Rb1 Ne3+ 90. Bxe3 Kg5 91. h4+
Kf6 92. Rb6+ Kf7 93. Bxf4 Ke7 94. Bg5+ Kd7 95. h5 Kc7 96. Be3 Kd7 97. h6 Kd8
98. h7 Kc7 99. h8=Q Kd7 100. Bg5 Kc7 101. Qd8# 1-0

[Event "ICS rated blitz match"]
[Site "204.178.125.65"]
[Date "1999.12.07"]
[Round "?"]
[White "WhiteCastles"]
[Black "Hossa"]
[Result "1-0"]
[WhiteElo "2857"]
[BlackElo "2423"]
[PlyCount "145"]
[EventDate "1999.??.??"]

1. e4 e6 2. d4 d5 3. Nd2 Nc6 4. Ngf3 Nf6 5. e5 Nd7 6. Be2 Be7 7. O-O f6 8. exf6
Bxf6 9. Nb3 O-O 10. Bb5 e5 11. Bxc6 bxc6 12. Na5 e4 13. Nxc6 Qe8 14. Ng5 Nb6
15. Na5 h6 16. Nh3 Bxh3 17. gxh3 Qg6+ 18. Qg4 Qxg4+ 19. hxg4 Bxd4 20. Nc6 Bc5
21. b4 Bd6 22. Be3 Nc4 23. Rad1 Rf6 24. Kg2 Bf8 25. Na5 Nxa5 26. bxa5 c6 27. a6
g5 28. f3 exf3+ 29. Rxf3 Rxf3 30. Kxf3 Bd6 31. c4 Rf8+ 32. Kg2 Bf4 33. Bc5 Rd8
34. cxd5 cxd5 35. h3 Kh7 36. Rb1 Rc8 37. Rb7+ Kg6 38. Bd4 Rc2+ 39. Kf3 h5 40.
gxh5+ Kxh5 41. Rxa7 Rxa2 42. Ra8 Ra3+ 43. Ke2 Ra2+ 44. Kf1 Bb8 45. Rxb8 Rxa6
46. Rd8 Ra2 47. Rh8+ Kg6 48. Rg8+ Kf5 49. Be3 Rh2 50. Rxg5+ Ke4 51. Rg3 Rc2 52.
Bf2 d4 53. Ke1 d3 54. Re3+ Kd4 55. Re8+ Kc3 56. Rc8+ Kb3 57. Rxc2 dxc2 58. Be3
Kb2 59. Ke2 Kc3 60. Bc1 Kd4 61. h4 Ke5 62. Kd3 Kf5 63. h5 Kg4 64. h6 Kh5 65. h7
Kg6 66. h8=Q Kf5 67. Kxc2 Kg4 68. Qg8+ Kf5 69. Qf7+ Kg4 70. Qf2 Kh3 71. Qg1 Kh4
72. Bf4 Kh5 73. Qg5# 1-0

[Event "ICS rated blitz match"]
[Site "204.178.125.65"]
[Date "1999.12.07"]
[Round "?"]
[White "Hossa"]
[Black "Amateur"]
[Result "1/2-1/2"]
[WhiteElo "2421"]
[BlackElo "2425"]
[PlyCount "123"]
[EventDate "1999.??.??"]

1. d4 Nf6 2. c4 g6 3. Nc3 Bg7 4. e4 O-O 5. Nf3 d6 6. Be2 Bg4 7. Bg5 Nc6 8. d5
Na5 9. b4 c6 10. Rc1 cxd5 11. cxd5 Rc8 12. Nd2 Rxc3 13. Rxc3 Bxe2 14. Qxe2 Nxd5
15. exd5 Bxc3 16. Bxe7 Bxd2+ 17. Kxd2 Qb6 18. Bxf8 Qxb4+ 19. Kc2 Kxf8 20. Rd1
Nc4 21. f4 Qb2+ 22. Kd3 Qa3+ 23. Kd4 Qa4 24. Ke4 Nb2+ 25. Rd4 f5+ 26. Ke3 Qa3+
27. Kf2 Qxa2 28. g4 Qb3 29. gxf5 Qb6 30. Qe4 Nd1+ 31. Kf1 Qb5+ 32. Ke1 Nc3 33.
Qe6 Qb1+ 34. Kd2 Qb2+ 35. Kd3 Nb5 36. Qc8+ Kf7 37. fxg6+ hxg6 38. Rc4 Qb3+ 39.
Ke2 Qb2+ 40. Ke1 b6 41. Qe6+ Kg7 42. Qe7+ Kh6 43. Qd8 Kg7 44. Qd7+ Kh6 45. Qh3+
Kg7 46. Qe6 a5 47. Qe7+ Kh6 48. Qg5+ Kh7 49. Rc6 Qd4 50. h4 Qb4+ 51. Kf1 Qb1+
52. Kf2 Qb2+ 53. Kg1 Qd4+ 54. Kh1 Qf2 55. h5 Qf1+ 56. Kh2 Qf2+ 57. Kh3 Qf3+ 58.
Qg3 Qh1+ 59. Qh2 Qf3+ 60. Qg3 Qh1+ 61. Qh2 Qf3+ 62. Qg3 1/2-1/2

[Event "ICS rated blitz match"]
[Site "204.178.125.65"]
[Date "1999.12.07"]
[Round "?"]
[White "Hossa"]
[Black "Lokolobo"]
[Result "1-0"]
[WhiteElo "2421"]
[BlackElo "2203"]
[PlyCount "33"]
[EventDate "1999.??.??"]

1. e4 e5 2. f4 d5 3. Nf3 exf4 4. exd5 c6 5. dxc6 Nxc6 6. d4 Bd6 7. Bc4 Nge7 8.
O-O O-O 9. Ng5 h6 10. Nxf7 Rxf7 11. Bxf4 Nf5 12. Qh5 Qf6 13. Bxf7+ Qxf7 14.
Qxf7+ Kxf7 15. Bxd6 Ke6 16. Bc5 b6 17. Nc3 1-0

[Event "ICS rated blitz match"]
[Site "204.178.125.65"]
[Date "1999.12.07"]
[Round "?"]
[White "evbad"]
[Black "Hossa"]
[Result "0-1"]
[WhiteElo "2444"]
[BlackElo "2428"]
[PlyCount "66"]
[EventDate "1999.??.??"]

1. e4 e6 2. d4 d5 3. Nc3 Nf6 4. Bg5 dxe4 5. Nxe4 Be7 6. Bxf6 Bxf6 7. Nf3 Be7 8.
Qd2 O-O 9. O-O-O Qd5 10. Nc3 Qa5 11. Kb1 Rd8 12. Bd3 Nc6 13. h4 Qb6 14. Qf4 h6
15. g4 Bb4 16. Ne2 Ba3 17. b3 a5 18. g5 h5 19. g6 f6 20. Nd2 a4 21. Nc4 Qa7 22.
Qf3 axb3 23. Qxh5 bxa2+ 24. Ka1 Ne7 25. Qh7+ Kf8 26. h5 Qa4 27. h6 Ke8 28. hxg7
Kd7 29. Qh3 Bb4 30. Nf4 Bc3+ 31. Nb2 Bxb2+ 32. Kxb2 Qa3+ 33. Ka1 Qc3# 0-1

[Event "ICS unrated blitz match"]
[Site "204.178.125.65"]
[Date "1999.12.07"]
[Round "?"]
[White "kerrigan"]
[Black "Hossa"]
[Result "1/2-1/2"]
[WhiteElo "2519"]
[BlackElo "2445"]
[PlyCount "67"]
[EventDate "1999.??.??"]

1. e4 e6 2. Nc3 Nc6 3. d4 Nf6 4. e5 Nd5 5. Nxd5 exd5 6. Nf3 Be7 7. Bf4 O-O 8.
Bd3 f6 9. O-O fxe5 10. Bxe5 d6 11. Bg3 Bg4 12. Be2 Qd7 13. Re1 Rae8 14. c3 Be6
15. Qb3 Qc8 16. Bb5 a6 17. Bxc6 bxc6 18. Re2 Bg4 19. Rae1 Qd7 20. Qa4 Bxf3 21.
gxf3 h5 22. h4 Rxf3 23. Qxa6 Rf6 24. a4 Rf3 25. a5 Rf6 26. Qb7 Kh7 27. a6 Rf3
28. a7 Qg4 29. Rxe7 Rxg3+ 30. fxg3 Qxg3+ 31. Kh1 Qh3+ 32. Kg1 Qg3+ 33. Kh1 Qh3+
34. Kg1 1/2-1/2

[Event "ICS unrated blitz match"]
[Site "204.178.125.65"]
[Date "1999.12.07"]
[Round "?"]
[White "Hossa"]
[Black "kerrigan"]
[Result "1-0"]
[WhiteElo "2445"]
[BlackElo "2519"]
[PlyCount "113"]
[EventDate "1999.??.??"]

1. e4 e5 2. f4 exf4 3. Nf3 d5 4. exd5 Qxd5 5. Nc3 Qe6+ 6. Kf2 Nf6 7. Bb5+ Kd8
8. Re1 Qb6+ 9. Kf1 Be6 10. Ng5 Bb4 11. Nxe6+ fxe6 12. Bc4 Re8 13. Qe2 Nbd7 14.
a3 Bxc3 15. bxc3 e5 16. d3 Rf8 17. Qf3 Kc8 18. Bd2 Qc5 19. Be6 Rd8 20. Rab1 Rb8
21. Qe2 e4 22. dxe4 Qxa3 23. e5 Ne8 24. Bxf4 Qf8 25. Qf3 Qe7 26. Bd5 b6 27. Bc4
Nc5 28. Ra1 a5 29. Qh3+ Kb7 30. Kg1 g5 31. Bc1 Qg7 32. Qf3+ c6 33. Qg3 g4 34.
Ba3 Na4 35. Rf1 Nc7 36. Rf7 Qg6 37. Bd6 Rbc8 38. Rxa4 Qxc2 39. Ra1 Qb2 40. Qe1
Qc2 41. Be6 h5 42. Bf5 Qb3 43. Bxc8+ Rxc8 44. e6 Qd5 45. Rd7 Qf5 46. Rxc7+ Rxc7
47. Bxc7 Qc5+ 48. Kh1 Qe7 49. Bd6 Qe8 50. e7 Kc8 51. Qe6+ Kb7 52. Rf1 a4 53.
Rf8 Ka6 54. Rxe8 b5 55. Qc8+ Kb6 56. Qc7+ Ka6 57. Ra8# 1-0

[Event "ICS unrated blitz match"]
[Site "204.178.125.65"]
[Date "1999.12.07"]
[Round "?"]
[White "kerrigan"]
[Black "Hossa"]
[Result "1/2-1/2"]
[WhiteElo "2519"]
[BlackElo "2445"]
[PlyCount "79"]
[EventDate "1999.??.??"]

1. e4 e6 2. Nc3 Nc6 3. d4 Nf6 4. e5 Nd5 5. Nxd5 exd5 6. Nf3 Be7 7. Bf4 O-O 8.
Bd3 f6 9. O-O fxe5 10. Bxe5 d6 11. Bg3 Bg4 12. Be2 Qd7 13. Re1 Rae8 14. c3 Be6
15. Qb3 Qc8 16. Bb5 a6 17. Bxc6 bxc6 18. Re2 Bg4 19. Rae1 Qd7 20. Qa4 Bxf3 21.
gxf3 h5 22. h4 Rxf3 23. Qxa6 Rf6 24. a4 Rf3 25. a5 Rf6 26. Qb7 Kh7 27. a6 Rf3
28. a7 Qg4 29. Rxe7 Rxg3+ 30. fxg3 Qxg3+ 31. Kh1 Qh3+ 32. Kg1 Qg3+ 33. Kh1 Qh3+
34. Kg1 Qg4+ 35. Kh2 Qxh4+ 36. Kg2 Qg5+ 37. Kh1 Qh4+ 38. Kg2 Qg5+ 39. Kh1 Qh4+
40. Kg2 1/2-1/2

[Event "ICS unrated blitz match"]
[Site "204.178.125.65"]
[Date "1999.12.07"]
[Round "?"]
[White "kerrigan"]
[Black "Hossa"]
[Result "0-1"]
[WhiteElo "2519"]
[BlackElo "2445"]
[PlyCount "142"]
[EventDate "1999.??.??"]

1. e4 e6 2. Nc3 Nc6 3. d4 Nf6 4. e5 Nd5 5. Nxd5 exd5 6. Nf3 Be7 7. Bf4 O-O 8.
Bd3 f6 9. O-O fxe5 10. Bxe5 Nb4 11. c3 Nxd3 12. Qxd3 d6 13. Bg3 c6 14. Rae1 Bf5
15. Qe3 Bf6 16. Re2 Bg4 17. Rfe1 Qd7 18. Bf4 Rf7 19. h3 Bxf3 20. Qxf3 Bg5 21.
g3 Raf8 22. Qg4 Qxg4 23. hxg4 Bxf4 24. gxf4 Rxf4 25. g5 Rg4+ 26. Kf1 Rxg5 27.
Re7 Rgf5 28. R1e2 R5f7 29. R7e6 Rd7 30. Re7 Rfd8 31. Ke1 h5 32. Kd2 Kh7 33. Kd3
h4 34. f4 Rxe7 35. Rxe7 Rb8 36. Rd7 h3 37. Re7 h2 38. Re1 Kg6 39. Rh1 Rh8 40.
Ke3 Kf5 41. Kf3 Rh4 42. Kg3 Rg4+ 43. Kxh2 Rh4+ 44. Kg2 Rxh1 45. Kxh1 Kxf4 46.
Kg2 Ke4 47. Kg3 Kd3 48. Kf4 Kc2 49. b3 Kxc3 50. Kf5 Kxd4 51. Kg6 c5 52. Kxg7 c4
53. bxc4 dxc4 54. Kf6 c3 55. Ke6 c2 56. Kxd6 c1=Q 57. Kd7 Qc6+ 58. Ke7 b5 59.
Kf7 Qf6+ 60. Kxf6 a5 61. Ke6 b4 62. Kd6 a4 63. Ke6 b3 64. axb3 axb3 65. Kd6 b2
66. Ke6 b1=Q 67. Kd7 Kd5 68. Ke7 Ke5 69. Kd8 Kd6 70. Ke8 Qf1 71. Kd8 Qf8# 0-1

[Event "ICS unrated blitz match"]
[Site "204.178.125.65"]
[Date "1999.12.07"]
[Round "?"]
[White "Hossa"]
[Black "kerrigan"]
[Result "1-0"]
[WhiteElo "2445"]
[BlackElo "2519"]
[PlyCount "73"]
[EventDate "1999.??.??"]

1. e4 e5 2. f4 exf4 3. Nf3 d5 4. exd5 Qxd5 5. Nc3 Qe6+ 6. Kf2 Nf6 7. Bb5+ Kd8
8. Re1 Qb6+ 9. Kf1 Be6 10. Ng5 Bb4 11. Nxe6+ fxe6 12. Bc4 Re8 13. Qe2 Nbd7 14.
a3 Bxc3 15. bxc3 e5 16. d3 Rf8 17. d4 exd4 18. Qe7+ Kc8 19. Be6 Rd8 20. Qxg7
Kb8 21. Bxd7 Nxd7 22. Qxd7 Qa6+ 23. Kg1 Rc8 24. Bxf4 Qg6 25. Bxc7+ Rxc7 26.
Re8+ Qxe8 27. Qxe8+ Rc8 28. Qe5+ Rc7 29. Rf1 a6 30. Rf7 Ka7 31. Rxc7 Rb8 32.
Qxd4+ Ka8 33. Rxh7 Rc8 34. Qb4 b5 35. Qe4+ Rc6 36. Qxc6+ Kb8 37. Qb7# 1-0

[Event "ICS rated blitz match"]
[Site "204.178.125.65"]
[Date "1999.12.07"]
[Round "?"]
[White "Hossa"]
[Black "efervesan"]
[Result "1-0"]
[WhiteElo "2445"]
[BlackElo "2326"]
[PlyCount "53"]
[EventDate "1999.??.??"]

1. e4 d6 2. d4 Nf6 3. Nc3 g6 4. f4 Bg7 5. Nf3 O-O 6. Bd3 c5 7. dxc5 dxc5 8. O-O
Nc6 9. Be3 b6 10. Qd2 e5 11. fxe5 Ng4 12. Bg5 Qc7 13. Nd5 Qb8 14. Ne7+ Nxe7 15.
Bxe7 Re8 16. Bd6 Qb7 17. Qf4 Be6 18. Ng5 Nh6 19. Qh4 c4 20. Nxe6 fxe6 21. Bxc4
Rac8 22. Bb5 Rf8 23. Bxf8 Bxf8 24. Qf6 Bg7 25. Qxe6+ Kh8 26. Rad1 Qxe4 27.
Qxc8+ 1-0

[Event "ICS rated blitz match"]
[Site "204.178.125.65"]
[Date "1999.12.07"]
[Round "?"]
[White "evbad"]
[Black "Hossa"]
[Result "0-1"]
[WhiteElo "2420"]
[BlackElo "2453"]
[PlyCount "80"]
[EventDate "1999.??.??"]

1. e4 e6 2. d4 d5 3. Nc3 Nf6 4. Bg5 dxe4 5. Nxe4 Be7 6. Bxf6 Bxf6 7. Nf3 Be7 8.
c3 O-O 9. Bd3 Nc6 10. Qc2 b6 11. O-O-O Bb7 12. h4 Qd5 13. Neg5 g6 14. Kb1 Rad8
15. Be4 Qb5 16. Bd3 Qd5 17. Ne4 Qh5 18. Neg5 a5 19. Be4 Rd6 20. Rdg1 f6 21. g4
Qh6 22. Nh3 Qg7 23. g5 f5 24. Bxc6 Bxc6 25. Ne5 Be4 26. Nd3 c5 27. Nhf4 c4 28.
f3 Bxf3 29. Ne1 Be4 30. Ned3 cxd3 31. Nxd3 Rc8 32. Ka1 Qxd4 33. Qf2 Qxd3 34. h5
Bxh1 35. a3 Qh3 36. hxg6 hxg6 37. Rf1 Bxg5 38. Re1 Bf3 39. Qxb6 Rxb6 40. a4 Qg3
0-1

[Event "ICS rated bullet match"]
[Site "204.178.125.65"]
[Date "1999.12.07"]
[Round "?"]
[White "Hossa"]
[Black "JSBach"]
[Result "1-0"]
[WhiteElo "2596"]
[BlackElo "2098"]
[PlyCount "93"]
[EventDate "1999.??.??"]

1. e4 e5 2. f4 exf4 3. Nf3 Nf6 4. e5 Ng4 5. h3 Nh6 6. d4 g5 7. Bd3 f6 8. exf6
Qxf6 9. Qe2+ Be7 10. Nc3 Qe6 11. Ne4 Nf5 12. d5 Qb6 13. Nfxg5 h5 14. d6 Nxd6
15. Nf6+ Kd8 16. Qxe7+ Kxe7 17. Nd5+ Kd8 18. Nxb6 Re8+ 19. Kd1 axb6 20. Bxf4
Ra5 21. h4 Nb5 22. Bd2 Nd4 23. Bxa5 bxa5 24. Bg6 Rf8 25. Re1 Nf5 26. Nf7+ Rxf7
27. Bxf7 Ng7 28. Re5 d6 29. Rxa5 Bg4+ 30. Kd2 Kd7 31. Re1 c5 32. Ra8 Nc6 33.
Rg8 Ne6 34. Rxg4 hxg4 35. Bxe6+ Kc7 36. Bxg4 b6 37. Be6 Nd4 38. Bd5 Nf5 39. h5
Ng3 40. h6 Nh5 41. h7 Nf4 42. Re7+ Kd8 43. h8=Q+ Kxe7 44. Qg7+ Kd8 45. Bc6 Kc8
46. Qd7+ Kb8 47. Qb7# 1-0